| 000 | 00462nam a22001817a 4500 | ||
|---|---|---|---|
| 005 | 20250605112900.0 | ||
| 008 | 250605b |||||||| |||| 00| 0 eng d | ||
| 040 | _aLoreto College | ||
| 041 | _aEnglish | ||
| 082 |
_a821.409 _bPAR |
||
| 100 | _aParfitt,George | ||
| 245 |
_aEnglish poetry of the seventh century _cGeorge Parfitt |
||
| 260 |
_aEngland _bLongman _c1985 |
||
| 300 |
_a236p. _b22cm. |
||
| 650 | _aEnglish poetry | ||
| 850 | _aLCLIB | ||
| 942 | _cBK | ||
| 999 |
_c44106 _d94585 |
||